000 00238nam a2200097Ia 4500
008 220204s9999 xx 000 0 und d
100 _aHawkins, W
245 0 _aPolymer stabilization
260 _aNew York
_bWiley International
942 _cBK
999 _c24577
_d24577